History Quiz

Random History or Century Quiz

1st Millennium AD: First or Second Half Quiz Stats

Quiz Updated Nov 14, 2017

Challenge
Share
Tweet
Embed
Score 0/30 Timer 05:00
0 Plays Today
Event (1)st or (2)nd % Correct
Christianity began???
96.7%
Rome burned while Nero fiddled???
89.5%
Mount Vesuvius destroyed Pompeii???
86.8%
Construction of the Colosseum completed???
86.7%
Egyptians granted Roman citizenship???
85.1%
Roman emperor Augustus died???
83.6%
Last ancient Olympic Games held???
81.2%
Christianity legalized in the Roman Empire???
77.2%
Erik the Red formed a colony in Greenland???
75.6%
Quran compiled in standard form for the first time???
75.2%
Muhammad emigrated to Medina (Hijra)???
74.1%
Charlemagne became Holy Roman Emperor???
73.2%
Otto I became Holy Roman Emperor???
71.6%
First Bulgarian Empire founded???
71.1%
Cai Lun of China invented paper???
70%
Event (1)st or (2)nd % Correct
Arabs conquered Jerusalem???
69.8%
End of Mayan Classic Period???
67.8%
London founded???
66.5%
Papal States formally established???
66.5%
I-Hsing invented mechanical clock???
60.9%
Mesrob Mashtots invented Armenian alphabet???
58.7%
Western Roman Empire ended???
57.8%
Buddhism officially introduced in Japan???
55.9%
Attila the Hun died???
53.7%
Justinian I became Byzantine Emperor???
51.2%
Tang Dynasty started issuing paper money???
49.2%
Teotihuacan's Pyramid of the Sun completed???
47%
Han Dynasty reestablished under Guangwu???
46.3%
Panemone windmills invented in eastern Persia???
41.8%
Hindu–Arabic numeral system developed in India???
35.6%

You're not logged in!

Compare scores with friends on all Sporcle quizzes.
Join for Free
OR
Log In

You Might Also Like...

Show Comments

Extras

Top Quizzes Today


Score Distribution

Your Account Isn't Verified!

In order to create a playlist on Sporcle, you need to verify the email address you used during registration. Go to your Sporcle Settings to finish the process.

Report this User

Report this user for behavior that violates our Community Guidelines.

Details: